Disruption, Learning, and System Improvement in Just - in - Time Manufacturing

Gespeichert in:
Bibliographische Detailangaben
1. Verfasser: Treville, Suzanne
Format: Buch
Sprache:Englisch
Veröffentlicht: Helsinki School of Economics and Businesses Administration 1987
Ausgabe:1. ed.
Schriftenreihe:Acta Academiae Oeconomicae Helsingiensis A-55
Tags: Tag hinzufügen
Keine Tags, Fügen Sie das erste Tag hinzu!

MARC

LEADER 00000nam a2200000 4500
001 c029543
005 20221219115659.9
041 0 |a eng 
044 |a FI 
245 1 0 |a Disruption, Learning, and System Improvement in Just - in - Time Manufacturing  |c Suzanne Treville 
250 |a 1. ed. 
264 1 |a Helsinki  |b School of Economics and Businesses Administration  |c 1987 
300 |a 208 s. 
490 1 |a Acta Academiae Oeconomicae Helsingiensis  |v A-55 
830 0 |a Acta Academiae Oeconomicae Helsingiensis  |v A-55 
100 1 |a Treville, Suzanne